=LDR 00000nam 2200000 4500 =001 INLIS000000000031487 =005 20130612133545 =008 ***********************************ind** =035 ##$$0010-061300000031487 =041 ##$$a ind =082 ##$$a 028.5 =090 ##$$a 028.5, Yul, s =100 ##$$a YULIANTI, Rani =245 ##$$a Sahabat Nabi untuk Balita, , Zaid Bin Tsabit , Rani Yulianti =260 ##$$a Syaamil Cipta Media $b Bandung =300 ##$$a 27 hlm., , ilus, , 15 cm =650 ##$$a BACAAN ANAK-ANAK =850 ##$$a NBPNMAT